000
00360nam a22001337a 4500
003
SGT
020
_a
9789386643643
082
_a
070
_b
A19T
100
_a
तिवारी, प्रवीण
245
_a
आतंक से समझौता
260
_c
ब्लूम्सबरी पब्लिशिंग
300
_a
2019
942
_2
ddc
_c
BK
999
_c
31959
_d
31959